Étudiants du Master 1 d'Urbanisme - Statistiques

Statistiques générales
  • Ce quiz a été pris 10 fois
  • Le résultat moyen est 32 sur 56
Statistiques - réponses
Parcours Prénom % Correct
PUMO Paul
100%
VDPA Gabriel
86%
FAVOH Lou
86%
FAVOH Anae
71%
VDPA Aurelien
71%
FAVOH Benoit
71%
VDPA Hugo
71%
PUMO Jules
71%
PUMO Lucie
71%
VDPA Matteo
71%
VDPA Raphael
71%
VDPA Romane
71%
PUMO Sarah
71%
PUMO Alexis
57%
FAVOH Alice
57%
PUMO Anais
57%
VDPA Antonin
57%
VDPA Bastien
57%
PUMO Briana
57%
VDPA Callista
57%
FAVOH Clara
57%
VDPA Eloise
57%
VDPA Eugene
57%
PUMO Evan
57%
PUMO Farah
57%
PUMO Houa
57%
VDPA Jade
57%
FAVOH Jana
57%
FAVOH Matis
57%
FAVOH Morgane
57%
PUMO Myriam
57%
FAVOH Nina-Abi
57%
VDPA Oceane
57%
VDPA Oceane
57%
VDPA Pablo
57%
PUMO Sephina
57%
FAVOH Soukaina
57%
VDPA Taino
57%
VDPA Tsiky
57%
FAVOH Walid
57%
VDPA Yanni
57%
PUMO Yuna
57%
PUMO Alassane
43%
FAVOH Amadou
43%
FAVOH Armand
43%
PUMO Berenice
43%
PUMO Francois
43%
FAVOH Logan
43%
FAVOH Margaux
43%
PUMO Rabii
43%
FAVOH Seymou
43%
FAVOH Zachary
43%
PUMO Carlos Daniel
29%
PUMO Lyda
29%
FAVOH Mohaddeseh
29%
PUMO Oumeima
29%
Aucun quiz correspondant
Distribution des résultats
% des personnes avec chaque résultat
Percentile par nombre de réponses
Votre historique - résultats
Vous n’avez pas pris ce quiz